Bezbarierová výstavba : (pro osoby se sníženou schopností pohybu) /

Gespeichert in:
Bibliographische Detailangaben
Hauptverfasser: Skopec, Jan (Verfasst von), Maxa, Miloslav (Verfasst von), Mikula, M. (Verfasst von), Zapletalová, Jaroslava (Verfasst von)
Format: Buch
Sprache:Tschechisch
Veröffentlicht: Praha : České vysoké učení technické v Praze, 1991
Schlagworte:
Tags: Tag hinzufügen
Keine Tags, Fügen Sie das erste Tag hinzu!

MARC

LEADER 00000nam a22000003a 4500
001 stu26584
005 20160718141106.2
008 911231s1991----cs------------------cze-d
020 |a 80-01-00715-4 
040 |a STU  |b slo 
041 0 |a cze 
044 |a cs 
100 1 |a Skopec, Jan  |4 aut 
245 1 |a Bezbarierová výstavba :  |b (pro osoby se sníženou schopností pohybu) /  |c [aut]Zapletalová,Jaroslava 
260 |a Praha :  |b České vysoké učení technické v Praze,  |c 1991 
300 |a 97 s 
650 7 |a architektúra bezbariérová  |2 stusub 
700 1 |a Maxa, Miloslav  |4 aut 
700 1 |a Mikula, M.  |4 aut 
700 1 |a Zapletalová, Jaroslava  |4 aut 
996 |b 284AS01109  |c A*1759 S  |l AAKNAR  |s A  |a 24  |w stu26584_0001 
996 |b 284AS01110  |c A*1882 S  |l AAKNAR  |s A  |a 24  |w stu26584_0002 
996 |b 284AS02151  |c A*1883 S  |l AAKNST  |s P  |a 0  |w stu26584_0003